SCH - Trouvez le son #2 - Statistiques

Statistiques générales
  • Ce quiz a été pris 863 fois
  • Le résultat moyen est 10 sur 20
Statistiques - réponses
Paroles Musiques % Correct
On a la bite dure, le tête dure, c'est pas l'net qui va nous uer-t A7
91%
La rosé du matin brillait encore sur les lauriers du voisins,Quand il revenait, il ferait nuit La Nuit
87%
Tu laisses tomber ta robe par terre, t'es nu, j'reconnais mes tords,J'en déduis qu't'es pas née d'hier Je la connais
77%
Ca prend ton audi, ça prend ta gadji, ça prend ta CB Bande Organisée
74%
Tu veux jouer les hommes, p'tite fiotte ?Commence déjà par lever la cuvette quand tu vas aux chiottes Interlude
61%
Pour garer l'Mercedes, il faut deux placesJ'vais ramener toute la tess', faut plus de 'tasses J'pense qu'a rouler ma bosse, niquer la Terre La p'tite elle veut deux gosses et qu'j'sois l'père Autobahn
56%
Yves Saint Laurent tient mon .43, la ceinture Hartford tient mon .44 Morpheus
55%
Si j'écoutais mon cœur, j'ferais des homicides, rien à foutre Bénéfice
52%
Ils ont fait rêvé du million, à des gens qui n'ont rien, moi j'suis né dans ce merdier Les Hommes aux Yeux Noirs
52%
Les couilles et la voix grasse du père On rentre on cherche le fric pas la wi-fi Ivresse & Hennessy
51%
Les lettres mentent, tass-pé, pas les chiffres,J'bois la 'teille j'cris : "Mathafuck", J'baise toute la semaine j'en ai mal au chibre Dix-neuf
45%
J'suis v'nu chiffrer, le savoir est une arme : j'suis calibré, j'suis cultivéMaman, sèche tes larmes, c'est sur toi qu'mes deux yeux sont rivés Liquide
44%
Le banquier m'dit : "Julien, là, on est borderline" mais y a du fric à faireFuck la déontologie, j'suis pas un pic-assiette Cervelle
43%
Italie, côté Chicago, même les incorruptibles ont un tarot Prequel
43%
Trop tard pour le jet privé,Et pour les R.D.V., En retard à mort Batterie Vide
37%
Cagoulés sur les négatifs, du fric et des sédatifsAmoureux du fer et du feu, j'ai tout mon temps pour le biff, hey Aluminium
30%
Et le shifter pleure pleure, j'souris plus j'suis la pour les ChipsterToute l'année dans un cluster et ma nouvelle dope est sous blister Lilou Dallas
28%
Astique, astique et j'te paye un bonnet d'plus en plastiqueEt reviens m'faire "El Jefe" quand tu auras la théorie et la pratique La danse des bandits
27%
J'me grille une tige,J'pense aux moyens qu'j'vais déployer pour t'faire dévisser la tête Cigarette
23%
Le fric dort au pressing, l'an prochain j'aurai pas porté tout c'qu'y a dans l'dressing Jimmy Twice
23%
Aucun quiz correspondant
Distribution des résultats
% des personnes avec chaque résultat
Percentile par nombre de réponses
Votre historique - résultats
Vous n’avez pas pris ce quiz